Famous Italians by Region Quiz - Statistics

General Stats
  • This quiz has been taken 43 times
  • The average score is 12 of 20
Answer Stats
Person Region % Correct
Marco Polo Veneto
87%
Leonardo da Vinci Tuscany
82%
Fedez Lombardy
79%
Gianluigi Donnarumma Campania
72%
Claudio Marchisio Piedmont
72%
Jannik Sinner Trentino-South Tyrol
72%
Luciano Pavarotti Emilia-Romagna
69%
Marco Verratti Abruzzo
67%
Gianni Versace Calabria
67%
Italo Svevo Friuli Venezia Giulia
62%
Sophia Loren Lazio
62%
Domenico Dolce Sicily
62%
Simone Zaza Basilicata
51%
Salmo Sardinia
51%
Monica Bellucci Umbria
51%
Arisa Liguria
49%
Virna Lisi Marche
46%
Pasquale Gravina Molise
44%
Diodato Aosta Valley
41%
Roberta Vinci Apulia
41%
No matching quizzes found
Score Distribution
Percent of People with Each Score
Percentile by Number Answered
Your Score History
You have not taken this quiz